000 00314nam a2200109Ia 4500
008 200302s9999 xx 000 0 und d
100 _aFrancisco Asensio Cerver
245 _aWorld of Environmental design Business and Corporation Parks. Roof Gardens
260 _b Paco Asensio
260 _c1994
300 _a255 P.,
999 _c1921
_d1921